| 000 | 00349nam a2200133Ia 4500 | ||
|---|---|---|---|
| 008 | 240624s9999 xx 000 0 und d | ||
| 041 | _aeng | ||
| 082 | _a373 WAG | ||
| 100 | _aWAGNER TONY | ||
| 245 | _aCREATING INNOVATORS THE MAKING OF YOUNG | ||
| 260 |
_c2012 _aNew York _bScribner Book Company |
||
| 300 | _axiv, 288 p.; 23 cm. | ||
| 365 |
_c _b33 |
||
| 999 |
_c32169 _d32169 |
||